<?xml version="1.0" encoding="UTF-8"?>
<collection xmlns="http://www.loc.gov/MARC21/slim">
 <record>
  <leader>07661nam a2200661 a 4500</leader>
  <controlfield tag="001">kal3626</controlfield>
  <controlfield tag="003">Gr-AtHEAL</controlfield>
  <controlfield tag="005">20160422100019.0</controlfield>
  <controlfield tag="006">m        d        </controlfield>
  <controlfield tag="008">160413s2015    gr      s           gre|c</controlfield>
  <datafield tag="020" ind1=" " ind2=" ">
   <subfield code="a">9789606033704</subfield>
  </datafield>
  <datafield tag="040" ind1=" " ind2=" ">
   <subfield code="a">GR-AtHEAL</subfield>
   <subfield code="b">gre</subfield>
   <subfield code="c">GR-AtHEAL</subfield>
  </datafield>
  <datafield tag="082" ind1="0" ind2="4">
   <subfield code="a">612</subfield>
   <subfield code="2">23</subfield>
  </datafield>
  <datafield tag="100" ind1="1" ind2=" ">
   <subfield code="a">Ζαφειρόπουλος, Βασίλειος.</subfield>
   <subfield code="8">588</subfield>
  </datafield>
  <datafield tag="245" ind1="1" ind2="0">
   <subfield code="a">Μέτρηση σύστασης του ανθρώπινου σώματος</subfield>
   <subfield code="h">[Ηλεκτρονικός πόρος] </subfield>
   <subfield code="c">Ζαφειρόπουλος, Βασίλειος ; Κριτικός αναγνώστης,Φραγκιαδάκης, Γεώργιος ; Γραφιστική επιμέλεια,Λουκέρη, Σοφία.</subfield>
  </datafield>
  <datafield tag="260" ind1=" " ind2=" ">
   <subfield code="a">Αθήνα :</subfield>
   <subfield code="b">Σύνδεσμος Ελληνικών Ακαδημαϊκών Βιβλιοθηκών,</subfield>
   <subfield code="c">c2015.</subfield>
  </datafield>
  <datafield tag="490" ind1=" " ind2=" ">
   <subfield code="a">Ακαδημαϊκά Ηλεκτρονικά Συγγράμματα και Βοηθήματα Κάλλιπος</subfield>
   <subfield code="8">40</subfield>
  </datafield>
  <datafield tag="520" ind1=" " ind2=" ">
   <subfield code="a">Το παρόν σύγγραμμα αποτελεί το κύριο βοήθημα του μαθήματος &quot;Σύσταση Σώματος&quot;, του προγράμματος σπουδών του Τμήματος Διατροφής &amp; Διαιτολογίας. Ο κύριος στόχος του μαθήματος / συγγράμματος είναι η εμπέδωση των αρχών πάνω στις οποίες βασίζονται οι κυριότερες μέθοδοι μέτρησης της σύστασης του ανθρώπινου σώματος, καθώς και η κατανόηση των πλεονεκτημάτων και των μειονεκτημάτων τους, όπως και η σωστή επιλογή της κατάλληλης μεθόδου για κάθε κλινική περίπτωση. Π.χ. ο απόφοιτος που θα εργαστεί σε ένα νοσοκομείο, όπου πιθανώς είναι διαθέσιμες κάποιες μέθοδοι, θα πρέπει να είναι σε θέση να κάνει την κατάλληλη επιλογή μεθόδου, λαμβάνοντας υπόψη την κατάσταση του ασθενούς, το σκοπό της μέτρησης, την ακρίβεια κλπ. Επίσης ο φοιτητής ασκείται πάνω σε πρακτικά προβλήματα εκτίμησης της σύστασης σώματος (π.χ. ποσοστό λίπους, μυϊκής μάζας, ενυδάτωσης κτλ.) χρησιμοποιώντας τα διάφορα δεδομένα των μετρήσεων της σύστασης σώματος. Ανάμεσα στις πολλές εφαρμογές της μέτρησης σύστασης σώματος, μπορούμε να αναφέρομε τον προσδιορισμό του κινδύνου υγείας του ασθενούς που συνδέεται με υπερβολικά χαμηλά ή υψηλά επίπεδα λίπους, τον έλεγχο των αλλαγών της σύστασης σώματος που συνδέονται με ορισμένες ασθένειες, την αξιολόγηση της αποτελεσματικότητας των προγραμμάτων διατροφής και άσκησης στη βελτίωση της σύστασης σώματος του ασθενή, την εκτίμηση της ιδανικής μάζας του σώματος για συγκεκριμένα άτομα και αθλητές, την τεκμηρίωση των απαραίτητων διαιτητικών οδηγιών, τον έλεγχο της εξέλιξης και της ωρίμανσης της σύστασης σώματος των παιδιών κ.ά. Η εκτίμηση της Ημερήσιας Ενεργειακής Δαπάνης Ηρεμίας αποτελεί μια βασική προτεραιότητα για ένα διαιτολόγο και επιτυγχάνεται μέσω της μέτρησης της άλιπης μάζας, χρησιμοποιώντας εξισώσεις τύπου σύστασης σώματος ή μέσω της σπιρομέτρησης του ασθενούς. Όλα αυτά τα θέματα εμπεριέχονται στο προτεινόμενο βιβλίο, όπως επίσης και πραγματικά παραδείγματα εφαρμογής των διάφορων μεθόδων. Εκτός του 1ου κεφαλαίου, κάθε επόμενο κεφάλαιο επικεντρώνεται σε μια κατηγορία μεθόδων.</subfield>
  </datafield>
  <datafield tag="650" ind1=" " ind2="0">
   <subfield code="a">Anthropometry</subfield>
   <subfield code="x">Methods</subfield>
   <subfield code="8">2186</subfield>
  </datafield>
  <datafield tag="650" ind1=" " ind2="0">
   <subfield code="a">Human body</subfield>
   <subfield code="x">Composition </subfield>
   <subfield code="v">Measurement</subfield>
   <subfield code="8">2229</subfield>
  </datafield>
  <datafield tag="653" ind1=" " ind2=" ">
   <subfield code="a">Τρισδιάστατες μέθοδοι απεικόνισης</subfield>
  </datafield>
  <datafield tag="653" ind1=" " ind2=" ">
   <subfield code="a">Ανάλυση μέσω ενεργοποίησης νετρονίων</subfield>
  </datafield>
  <datafield tag="653" ind1=" " ind2=" ">
   <subfield code="a">Υπέρηχοι</subfield>
  </datafield>
  <datafield tag="653" ind1=" " ind2=" ">
   <subfield code="a">Δερματοπτυχομέτρηση</subfield>
  </datafield>
  <datafield tag="653" ind1=" " ind2=" ">
   <subfield code="a">Ανθρωπομετρία</subfield>
  </datafield>
  <datafield tag="653" ind1=" " ind2=" ">
   <subfield code="a">Σπιρομετρία</subfield>
  </datafield>
  <datafield tag="653" ind1=" " ind2=" ">
   <subfield code="a">Ημερήσια ενεργειακή δαπάνη ηρεμίας</subfield>
  </datafield>
  <datafield tag="653" ind1=" " ind2=" ">
   <subfield code="a">Ολόσωμη ακτινοβολία Κ-40</subfield>
  </datafield>
  <datafield tag="653" ind1=" " ind2=" ">
   <subfield code="a">Αξονική τομογραφία</subfield>
  </datafield>
  <datafield tag="653" ind1=" " ind2=" ">
   <subfield code="a">Μαγνητική τομογραφία</subfield>
  </datafield>
  <datafield tag="653" ind1=" " ind2=" ">
   <subfield code="a">Υδρομετρία</subfield>
  </datafield>
  <datafield tag="653" ind1=" " ind2=" ">
   <subfield code="a">Αλληλεπίδραση στο εγγύς υπέρυθρο</subfield>
  </datafield>
  <datafield tag="653" ind1=" " ind2=" ">
   <subfield code="a">Απορροφησιομετρία ακτινών-Χ διπλής ενέργειας</subfield>
  </datafield>
  <datafield tag="653" ind1=" " ind2=" ">
   <subfield code="a">Βιοηλεκτρική εμπέδηση</subfield>
  </datafield>
  <datafield tag="653" ind1=" " ind2=" ">
   <subfield code="a">Πληθυσμογραφία</subfield>
  </datafield>
  <datafield tag="653" ind1=" " ind2=" ">
   <subfield code="a">Ζύγιση στο νερό</subfield>
  </datafield>
  <datafield tag="653" ind1=" " ind2=" ">
   <subfield code="a">Μέθοδοι μέτρησης σύστασης σώματος</subfield>
  </datafield>
  <datafield tag="653" ind1=" " ind2=" ">
   <subfield code="a">Μέθοδοι μέτρησης σύστασης ανθρώπινου σώματος</subfield>
  </datafield>
  <datafield tag="653" ind1=" " ind2=" ">
   <subfield code="a">Κυτταρική μάζα</subfield>
  </datafield>
  <datafield tag="653" ind1=" " ind2=" ">
   <subfield code="a">Ορισμός παχυσαρκίας</subfield>
  </datafield>
  <datafield tag="653" ind1=" " ind2=" ">
   <subfield code="a">Μοντέλο πολλών τμημάτων</subfield>
  </datafield>
  <datafield tag="653" ind1=" " ind2=" ">
   <subfield code="a">Μοντέλο δύο τμημάτων</subfield>
  </datafield>
  <datafield tag="653" ind1=" " ind2=" ">
   <subfield code="a">Μοριακό επίπεδο μελέτης ανθρώπινου σώματος</subfield>
  </datafield>
  <datafield tag="653" ind1=" " ind2=" ">
   <subfield code="a">Νερό σώματος</subfield>
  </datafield>
  <datafield tag="653" ind1=" " ind2=" ">
   <subfield code="a">Αλιπή μάζα</subfield>
  </datafield>
  <datafield tag="653" ind1=" " ind2=" ">
   <subfield code="a">Μυϊκή μάζα</subfield>
  </datafield>
  <datafield tag="653" ind1=" " ind2=" ">
   <subfield code="a">Επί τοις εκατό ποσοστό λίπους</subfield>
  </datafield>
  <datafield tag="653" ind1=" " ind2=" ">
   <subfield code="a">Λίπος σώματος</subfield>
  </datafield>
  <datafield tag="653" ind1=" " ind2=" ">
   <subfield code="a">Τεχνολογία και επιστήμες μηχανικών</subfield>
   <subfield code="a">Ιατρική τεχνολογία και μηχανική</subfield>
   <subfield code="a">Ιατρικά όργανα</subfield>
  </datafield>
  <datafield tag="653" ind1=" " ind2=" ">
   <subfield code="a">Φυσική</subfield>
   <subfield code="a">Διαθεματικες περιοχές της φυσικής και συναφείς τομείς της επιστήμης και της τεχνολογίας</subfield>
   <subfield code="a">Βιοφυσική και ιατρική φυσική</subfield>
  </datafield>
  <datafield tag="653" ind1=" " ind2=" ">
   <subfield code="a">Φυσική</subfield>
   <subfield code="a">Γενική φυσική</subfield>
   <subfield code="a">Μετρολογία, μετρήσεις και εργαστηριακές διαδικασίες</subfield>
  </datafield>
  <datafield tag="653" ind1=" " ind2=" ">
   <subfield code="a">Επιστήμες υγείας</subfield>
   <subfield code="a">Επιστήμες διατροφής</subfield>
   <subfield code="a">Διαιτητική/διαιτολογία</subfield>
  </datafield>
  <datafield tag="700" ind1="1" ind2=" ">
   <subfield code="a">Φραγκιαδάκης, Γεώργιος</subfield>
   <subfield code="e">Κριτικός αναγνώστης</subfield>
   <subfield code="8">589</subfield>
  </datafield>
  <datafield tag="856" ind1="4" ind2="0">
   <subfield code="u">http://hdl.handle.net/11419/3626</subfield>
   <subfield code="z">Πλήρες Κείμενο - Full text</subfield>
  </datafield>
  <datafield tag="907" ind1=" " ind2=" ">
   <subfield code="a">.b25680225</subfield>
   <subfield code="b">12-06-18</subfield>
   <subfield code="c">29-07-16</subfield>
  </datafield>
  <datafield tag="949" ind1=" " ind2=" ">
   <subfield code="0">0</subfield>
   <subfield code="1">0</subfield>
   <subfield code="2">ddc</subfield>
   <subfield code="4">0</subfield>
   <subfield code="6">612_000000000000000_ΖΑΦ</subfield>
   <subfield code="7">0</subfield>
   <subfield code="8">KALL</subfield>
   <subfield code="8">781</subfield>
   <subfield code="d">2016-04-13</subfield>
   <subfield code="r">2016-04-13</subfield>
   <subfield code="w">2016-04-13</subfield>
   <subfield code="z">612 ΖΑΦ</subfield>
   <subfield code="o">SEAB KALLIPOS</subfield>
  </datafield>
  <datafield tag="998" ind1=" " ind2=" ">
   <subfield code="a">80</subfield>
   <subfield code="a">01</subfield>
   <subfield code="a">02</subfield>
   <subfield code="a">03</subfield>
   <subfield code="a">04</subfield>
   <subfield code="a">05</subfield>
   <subfield code="a">06</subfield>
   <subfield code="a">07</subfield>
   <subfield code="a">08</subfield>
   <subfield code="a">09</subfield>
   <subfield code="a">10</subfield>
   <subfield code="a">11</subfield>
   <subfield code="a">12</subfield>
   <subfield code="a">13</subfield>
   <subfield code="a">14</subfield>
   <subfield code="a">15</subfield>
   <subfield code="a">16</subfield>
   <subfield code="a">17</subfield>
   <subfield code="a">18</subfield>
   <subfield code="a">19</subfield>
   <subfield code="a">20</subfield>
   <subfield code="a">21</subfield>
   <subfield code="a">22</subfield>
   <subfield code="a">23</subfield>
   <subfield code="a">24</subfield>
   <subfield code="a">25</subfield>
   <subfield code="a">26</subfield>
   <subfield code="b">16-05-17</subfield>
   <subfield code="c">m</subfield>
   <subfield code="d">z  </subfield>
   <subfield code="e">-</subfield>
   <subfield code="f">gre</subfield>
   <subfield code="g">gr </subfield>
   <subfield code="h">0</subfield>
  </datafield>
  <datafield tag="942" ind1=" " ind2=" ">
   <subfield code="2">ddc</subfield>
   <subfield code="c">KALLIPOS</subfield>
  </datafield>
 </record>
</collection>
